00684nam a2200205 a 4500001001000000003000900010005001700019007001000036008004100046040002200087245005700109260004600166300002700212710003600239942001200275945004000287952009800327956003800425999001500463000044478DO-SdBNP20180409144853.0000044478140702s20uu dr a 000 0 spa d aBPMETbspacBPMET00aAprendamos a cocinar: b¡ y alimentémonos bien !  aSanto Domingo :bNestlebCENIC,c[190-?]. a32 p. :bil. ;c26 cm.2 aNestle (República Dominicana) 2ddccBK aRemanejado para la BNPHU, 2018 / BT 00102ddc40708CI-DaBPMETbBPMETd2015-01-27l0pBPMSU15040735r2015-01-27w2015-01-27yBK aVMATEOb10c20140703lBPMSUh0069 c7222d7222